Every NFL Stadium - Statistics

General Stats
  • This quiz has been taken 303 times
    293 since last reset
  • The average score is 46 of 193
Answer Stats
Timeline Games Hosted City Current NFL Team Affiliates Stadium % Correct
1957-Active 437 Green Bay, WI Packers Lambeau Field
91%
1995-15 168 St. Louis, MO Rams The Dome at Americas Center
90%
1959-81 162 Bloomington, MN Vikings Metropolitan Stadium
89%
1926-Active 476 Chicago, IL Bears Soldier Field
89%
1972-Active 444 Kansas City, MO Chiefs GEHA Field at Arrowhead Stadium
88%
1975-Active 415 New Orleans, LA Saints Caesars Superdome
86%
2010-Active 261 East Rutherford, NJ Giants, Jets MetLife Stadium
81%
2009-Active 145 Arlington, TX Cowboys AT&T Stadium
79%
1960-00 320 Denver, CO Broncos Mile High Stadium
78%
1987-Active 324 Miami Gardens, FL Dolphins Hard Rock Stadium
77%
1927-73 169 New York, NY Giants Yankee Stadium
76%
1925-56 136 Green Bay, WI Packers City Stadium
73%
2002-Active 201 Detroit, MI Lions Ford Field
72%
2002-Active 216 Foxborough, MA Patriots Gillette Stadium
72%
1934-35 2 Philadelphia, PA Temple Stadium
71%
1998-Active 239 Baltimore, MD Ravens M&T Bank Stadium
70%
1996-Active 248 Charlotte, NC Panthers Bank of America Stadium
69%
1995-Active 245 Jacksonville, FL Jaguars EverBank Stadium
69%
2010-15 18 Minneapolis, MN Vikings Huntington Bank Stadium
69%
1999-Active 224 Nashville, TN Titans Nissan Stadium
69%
2020-Active 104 Inglewood, CA Rams, Chargers SoFi Stadium
69%
2016-Active 84 Minneapolis, MN Vikings U.S. Bank Stadium
69%
2001-Active 216 Pittsburgh, PA Steelers Acrisure Stadium
68%
1973-Active 430 Orchard Park, NY Bills Highmark Stadium
65%
2017-Active 73 Atlanta, GA Falcons Mercedes-Benz Stadium
64%
2014-Active 102 Santa Clara, CA 49ers Levi's Stadium
61%
1960-13 368 San Francisco, CA Raiders, 49ers Candlestick Park
59%
1997-Active 238 Landover, MD Redskins Northwest Stadium
59%
1976-09 492 East Rutherford, NJ Giants, Jets Giants Stadium
58%
2003-Active 199 Philadelphia, PA Eagles Lincoln Financial Field
58%
2008-Active 153 Indianapolis, IN Colts Lucas Oil Stadium
54%
1976-92 5 Pasadena, CA Spieker Field at the Rose Bowl
54%
1946-19 409 Los Angeles, CA Rams, Chargers, Raiders Los Angeles Memorial Coliseum
53%
2006-Active 172 Glendale, AZ Cardinals State Farm Stadium
52%
2002-Active 206 Seattle, WA Seahawks Lumen Field
50%
2002-Active 204 Houston, TX Texans NRG Stadium
50%
1946-86 177 Miami, FL Dolphins Orange Bowl
49%
1975-01 212 Pontiac, MI Lions Pontiac Silverdome
49%
1968-96 223 Houston, TX Titans Houston Astrodome
47%
1982-13 261 Minneapolis, MN Vikings Hubert H Humphrey Metrodome
47%
2000-Active 215 Cincinnati, OH Bengals Paycor Stadium
47%
1998-Active 234 Tampa, FL Buccaneers Raymond James Stadium
47%
1961-96 278 Washington, DC Redskins Robert F Kennedy Memorial
43%
1967-16 398 San Diego, CA Chargers SDCCU Stadium
43%
1984-89 2 Stanford, CA Stanford Stadium
43%
1970-00 254 Pittsburgh, PA Steelers Three Rivers Stadium
42%
2007-25 27 London, GBR Wembley Stadium
42%
1920-70 370 Chicago, IL Bears,Cardinals Wrigley Field
42%
2020-Active 52 Las Vegas, NV Raiders Allegiant Stadium
41%
1966-19 327 Oakland, CA Raiders Oakland-Alameda County Coliseum
41%
2001-Active 211 Denver, CO Broncos Empower Field at Mile High
39%
1992-16 208 Atlanta, GA Falcons Georgia Dome
39%
1964-83 150 New York, NY Jets, Giants William A. Shea Municipal Stadium
37%
1980-94 118 Anaheim, CA Rams Angel Stadium
35%
1973 1 Berkeley, CA California Memorial Stadium
35%
1931-95 388 Cleveland, OH Rams, Browns Cleveland Stadium
35%
1969 1 Minneapolis, MN Memorial Stadium Minneapolis
35%
1920-63 246 New York, NY Giants Polo Grounds
35%
2002 8 Champaign, IL Bears University of Illinois Gies Memorial Stadium
35%
1971-02 257 Philadelphia, PA Eagles Veterans Stadium
35%
1971-08 313 Irving, TX Cowboys Texas Stadium
32%
1976-99 187 Seattle, WA Seahawks Seattle Kingdome
31%
2019-25 12 London, GBR Tottenham Hotspur Stadium
31%
1952-71 107 Dallas, TX Chiefs, Cowboys Cotton Bowl
30%
1933-68 90 Boston, MA Patriots Fenway Park
30%
1971-01 242 Foxborough, MA Patriots Foxboro Stadium
30%
1966-91 194 Atlanta, GA Falcons Atlanta-Fulton County Stadium
28%
1923-65 46 St. Louis, MO Cardinals Busch Stadium I
28%
1953-94 126 Milwaukee, WI Packers Milwaukee County Stadium
28%
1966-95 163 St. Louis, MO Cardinals Busch Memorial Stadium II
27%
1999-Active 218 Cleveland, OH Browns Huntington Bank Field
26%
1970-99 234 Cincinnati, OH Bengals Cinergy Field
25%
1921-74 260 Detroit, MI Lions Tiger Stadium (Detroit)
24%
2005 4 Baton Rouge, LA Saints Tiger Stadium (LSU)
24%
2005-22 5 Mexico City, MEX Estadio Azteca
23%
1988-05 145 Tempe, AZ Cardinals Mountain America Stadium
23%
1938-74 60 New Orleans, LA Saints Tulane Stadium
23%
1995 8 Clemson, SC Panthers Frank Howard Field at Memorial Stadium
22%
1922 1 Marion, OH Lincoln Park
22%
2022-24 2 Munich, GER Allianz Arena
20%
1984-07 199 Indianapolis, IN Colts RCA Dome
20%
2005 3 San Antonio, TX Alamodome
19%
2008-13 6 Toronto, CAN Rogers Centre
19%
1997 8 Memphis, TN Titans Simmons Bank Liberty Stadium
19%
1961-66 45 San Diego, CA Chargers Balboa Stadium
18%
2025 1 Berlin, GER Olympiastadion
18%
1969-97 176 Tampa, FL Buccaneers Houlihan's Stadium
17%
1922-58 134 Chicago, IL Cardinals Comiskey Park
16%
1926-48 115 New York, NY Ebbets Field
16%
2025 1 Madrid, ESP Estadio Santiago Bernabéu
16%
1930 4 Newark, NJ Newark Schools Stadium
15%
1933-63 161 Pittsburgh, PA Cardinals, Steelers Forbes Field
14%
2016-17 3 Twickenham, GBR Twickenham Stadium
14%
1932 1 Chicago, IL Chicago Stadium
13%
1962-70 8 Boston, MA Patriots Harvard Stadium
13%
1958-69 55 Pittsburgh, PA Steelers Pitt Stadium
13%
1965-73 22 Houston, TX Titans Rice Stadium
13%
1958-70 89 Philadelphia, PA Eagles Franklin Field
12%
1973-74 12 New Haven, CT Giants Yale Bowl
12%
1925-57 103 Philadelphia, PA Eagles Connie Mack Stadium
11%
2017-19 22 Carson, CA Chargers Dignity Health Sports Park
11%
1994-01 19 Seattle, WA Seahawks Alaska AIrlines Field at Husky Stadium
10%
2025 1 Dublin, IRE Croke Park
10%
1998 8 Nashville, TN Titans FirstBank Stadium
10%
1921-60 148 Washington, DC Redskins Griffith Stadium
10%
1931-50 24 Philadelphia, PA Eagles John F. Kennedy Stadium
10%
1938-72 128 Buffalo, NY Bills War Memorial Stadium
10%
1931-34 7 Cincinnati, OH Crosley Field
9%
1938 1 Erie, PA Erie Stadium
8%
1968-69 14 Cincinnati, OH Bengals James Gamble Nippert Memorial Stadium
8%
1946-70 170 San Francisco, CA 49ers, Raiders Kezar Stadium
7%
1968 1 Birmingham, AL Legion Field
7%
1970 1 Evanston, IL Ryan Field
7%
1928-40 34 Detroit, MI Lions University of Detroit StadiumU of D Stadium
7%
1963-69 9 Chestnut Hill, MA Patriots Alumni Stadium
6%
1920-35 18 Philadelphia, PA Eagles Baker Bowl
6%
1925-62 31 Boston, MA Patriots Braves Field
6%
2023 2 Frankfurt, GER Deutsche Bank Park
5%
1920-45 38 Cleveland, OH Rams League Park
5%
1920-22 15 Akron, OH League Park
5%
1920 2 Fort Wayne, IN League Park
5%
1926 1 Hammond, IN Turner Field
5%
1920 1 Rockford, IL Beyer Stadium
4%
1969 1 Atlanta, GA Bobby Dodd Stadium
4%
1963-71 70 Kansas City, MO Chiefs Kansas City Municipal Stadium
4%
1920 4 Detroit, MI Mack Park
4%
1946-97 261 Baltimore, MD Colts, Ravens Memorial Stadium (Baltimore)
4%
2024-25 2 Sao Paulo, BRA Neo Quimica Arena
4%
1941-52 3 Akron, OH Rubber Bowl
4%
1922-33 25 Milwaukee, WI Packers Borchert Field
3%
1930 2 Newark, NJ Newark Velodrome
3%
1920-21 4 Decatur, IL Staley Field
3%
1920-34 23 Dayton, OH Triangle Park
3%
1924-30 76 Philadelphia, PA Frankford Stadium
2%
1924-26 7 Akron, OH General Field
2%
1960-64 37 Houston, TX Titans John O'Quinn FIeld at Corbin J. Robertson Stadium
2%
1952 3 Milwaukee, WI Marquette Stadium
2%
1925-29 32 Minersville, PA Minersville Park
2%
1920-30 16 Minneapolis, MN Nicollet Park
2%
1920-28 31 Chicago, IL Cardinals Normal Park
2%
1930-34 26 Portsmouth, OH Lions Spartan Municipal Stadium
2%
1927 1 Syracuse, NY Archbold Stadium
1%
1923 3 Toledo, OH Armory Park
1%
1923-24 12 Green Bay, WI Packers Bellevue Park
1%
1924-29 24 Buffalo, NY Bison Stadium
1%
1921 4 Evansville, IN Bosse Field
1%
1920 1 Richmond, VA Boulevard Field
1%
1929 1 Madison, WI Breese Stevens Municipal Athletic Field
1%
1939 1 Colorado Springs, CO Broadmoor Stadium
1%
1920-23 14 Buffalo, NY Buffalo Baseball Park
1%
1920-21 17 Buffalo, NY Canisius Field
1%
1934 1 Cincinnati, OH Corcoran Field
1%
1925-31 57 Providence, RI Cycledrome
1%
1920-25 2 Chicago, IL DePaul Field
1%
1920-25 33 Rock Island, IL Douglas Park
1%
1923-25 7 Duluth, MN Duluth Athletic Park
1%
1926 8 East Hartford, CT East Hartford Velodrome
1%
1921 1 Louisville, KY Eclipse Park
1%
1920-24 7 Rochester, NY Edgerton Park
1%
1962-65 28 Oakland, CA Raiders Frank Youell Field
1%
1920-23 2 Gary, IN Gleason Park
1%
1921-22 9 Green Bay, WI Packers Hagemeister Park
1%
1922-26 21 Racine, WI Horlic Athletic Field
1%
1922 1 Louisville, KY Kentucky Fairgrounds
1%
1929 1 Providence, RI Kinsley Park
1%
1929 5 East Orange, NJ Knights of Columbus Stadium
1%
1920-26 33 Canton, OH Lakeside Park
1%
1920 1 Chicago, IL Logan Square Park
1%
1920 1 Lorain, OH Lorain Athletic Field
1%
1931 1 Chicago, IL Loyola Stadium
1%
1927 5 Cleveland, OH Luna Park
1%
1920 2 Zanesville, OH Mark Athletic Field
1%
1920 1 Champaign, IL McKinley Field
1%
1930 1 Chicago, IL Mills Stadium
1%
1920 1 Monmouth, IL Monmouth College Athletic Park
1%
1925 1 Hartford, CT Morgan G. Bulkeley Stadium
1%
1924 1 Kenosha, WI Nash Employees' Field
1%
1920-23 9 Columbus. OH Neil Park
1%
1923 1 Louisville, KY Parkway Field
1%
1936 1 Johnstown, PA Point Stadium
1%
1920 1 Chicago, IL Pullman Athletic Field
1%
1920 1 Chicago, IL Pyott's Park
1%
1920-21 11 Rochester, NY Rochester Baseball Park
1%
1938 3 East Cleveland, OH Rams Shaw Stadium
1%
1920 1 Chicago, IL St. Rita's Stadium
1%
1922 6 Toledo, OH Swayne Field
1%
1929-32 26 Staten Island, NY Thompson Stadium (Staten Island)
1%
1938 1 Charleston, WV University of Charleston Stadium at Laidley Field
1%
1921 1 Muncie, IN Walnut Street Park
1%
1920 1 New Haven, CT Weiss Field
1%
1924-26 3 Columbus, OH West Side Athletic Club Field
1%
1934-51 42 West Allis, WI Wisconsin State Fair Park
1%
1923 1 Akron, OH Wooster Avenue Stadium
1%
No matching quizzes found
Score Distribution
Percent of People with Each Score
Percentile by Number Answered
Your Score History
You have not taken this quiz since the last reset